Phân lập và tuyển chọ vi khuẩn tổng hợp chất kết tụ sinh học trong nước thải chăn nuôi heo sau Biogas ở Đồng Bằng Sông Cửu Long : Báo cáo tổng kết đề tài Khoa học Công nghệ cấp trường

Nội dung đề tài phân lập, tuyển chọn và định danh được những dòng vi khuẩn có khả năng sản xuất chất kết tụ sinh học trong nước thải chăn nuôi heo sau biogas ở ĐBSCL.

Αποθηκεύτηκε σε:
Λεπτομέρειες βιβλιογραφικής εγγραφής
Κύριος συγγραφέας: Huỳnh, Văn Tiền
Μορφή: Βιβλίο
Γλώσσα:Undetermined
Έκδοση: Cần Thơ Trường Đại học Cần Thơ 2009
Θέματα:
Ετικέτες: Προσθήκη ετικέτας
Δεν υπάρχουν, Καταχωρήστε ετικέτα πρώτοι!
Thư viện lưu trữ: Trung tâm Học liệu Trường Đại học Cần Thơ
LEADER 01173nam a2200229Ia 4500
001 CTU_204731
008 210402s9999 xx 000 0 und d
082 |a 660.63 
082 |b T305 
088 |a TNCS2012-39 
100 |a Huỳnh, Văn Tiền 
245 0 |a Phân lập và tuyển chọ vi khuẩn tổng hợp chất kết tụ sinh học trong nước thải chăn nuôi heo sau Biogas ở Đồng Bằng Sông Cửu Long : 
245 0 |b Báo cáo tổng kết đề tài Khoa học Công nghệ cấp trường 
245 0 |c Huỳnh Văn Tiền (chủ nhiệm đề tài) 
260 |a Cần Thơ 
260 |b Trường Đại học Cần Thơ 
260 |c 2009 
520 |a Nội dung đề tài phân lập, tuyển chọn và định danh được những dòng vi khuẩn có khả năng sản xuất chất kết tụ sinh học trong nước thải chăn nuôi heo sau biogas ở ĐBSCL. 
650 |a Kỹ thuật sinh học,Biochemical engineering 
904 |i Qhieu 
915 |a CS 
980 |a Trung tâm Học liệu Trường Đại học Cần Thơ